| 000 | 00714nam a22002297a 4500 | ||
|---|---|---|---|
| 999 |
_c2190 _d2190 |
||
| 003 | AR-CdUCM | ||
| 008 | 190304b ||||| |||| 00| 0 spa d | ||
| 040 |
_aMUNICIPALIDAD PROVINCIAL DEL CUSCO _cBIBLIOTECA MUNICIPAL DEL CUSCO |
||
| 082 |
_a891.74 / _bR955 |
||
| 245 | _aRusia la Grande / | ||
| 260 |
_aBuenos Aires : _bLa Petite Barque, _c1942. |
||
| 300 |
_a90 páginas ; _bFotografias, ilustraciones, _c28 cm. |
||
| 500 | _aPoemas de autores rusos variados. | ||
| 650 |
_aLiteratura Rusa _97897 |
||
| 650 |
_aSIglo XX _97898 |
||
| 650 |
_aJ, Stalin _97899 |
||
| 700 |
_aLopovitch, M. _97900 |
||
| 700 |
_aNedegonoff, Alexis _97901 |
||
| 700 |
_aOtros autores. _97902 |
||
| 942 |
_2ddc _cLIBROS |
||
| 945 | _araa | ||